Le rugby de A à Z - Statistiques

Statistiques générales
  • Ce quiz a été pris 262 fois
  • Le résultat moyen est 16 sur 26
Statistiques - réponses
Indice Lettre Réponse % Correct
Action consistant à aplatir le ballon d'en l'en-but. E Essai
97%
Troisième ligne légendaire du XV de France célèbre pour sa chevelure et sa barbe. C Sébastien Chabal
97%
Le nom donné à la personne chargée des pénalités ou transformations. B Buteur
91%
Forme du ballon de rugby. O Ovale
91%
Pays pour lequel jouent les All Blacks. N Nouvelle Zélande
90%
Ce que réalise une équipe du six nations qui bat toutes les autres. G Grand Chelem
89%
Mot qui à remplacé "Queen" dans l'hymne anglais depuis le décès de la reine. K King
88%
Le fait de passer le ballon entre les poteaux après un essai. T Transformation
88%
Numéro 1 ou 3 sur le terrain. P Pillier
87%
Stade dans lequel se déroule habituellement la finale de Top 14. S Stade de France
82%
Surnom de l'équipe nationale d'Australie. W Les Wallabies
77%
Nombre de points marqués par une équipe "Fanny". Z Zéro
73%
Ce que peut donner un arbitre lors d'une faute de jeu. A Avantage
65%
Équipe de Top 14 la plus au sud géographiquement. U USAP
65%
Mot que crie un joueur qui capte le ballon de volée dans ses 22 mètres. M Marque
61%
Équipe constituée de meilleurs joueurs du Royaume-Uni. L Lions Britanniques
59%
Nom donné à un joueur appelé par un club pour remplacer un blessé de longue durée. J Joker Médical
57%
Ville dans laquelle à été inventé ce sport. R Rugby
54%
Région australienne d'où provient l'équipe des Reds. Q Queensland
43%
Seule équipe de rugby à XIII française à avoir gagné la Cup Anglaise. D Dragons Catalans
39%
Nom donné à une passe ou le ballon tourne sur lui-même. V Vissée
27%
Nom d'un ancien trophée révolu en 1996. Y Yves Du Manoir
26%
Surnom donné aux joueurs de rugby du pacifique. I Les Illiens
24%
Nom de l'équipe réalisée par les journalistes avec les 15 meilleurs joueurs du monde. X XV Mondial
23%
Chant typique des supporters de la Section Paloise. H La Honhada
16%
Surnom donné à l'équipe des Fidji. F Flyings Fidjians
3%
Aucun quiz correspondant
Distribution des résultats
% des personnes avec chaque résultat
Percentile par nombre de réponses
Votre historique - résultats
Vous n’avez pas pris ce quiz